| 000 | 00934nam a22002297a 4500 | ||
|---|---|---|---|
| 999 |
_c14260 _d14260 |
||
| 003 | AR-CdUCM | ||
| 008 | 190422b ||||| |||| 00| 0 spa d | ||
| 040 |
_aMUNICIPALIDAD PROVINCIAL DEL CUSCO _cBIBLIOTECA MUNICIPAL DEL CUSCO |
||
| 082 |
_a361.2 / _bC19 |
||
| 100 |
_aCalderón Cockturn, Julio _932969 |
||
| 245 | _aEl agustino 33 años de lucha (1947-1980) | ||
| 260 |
_bServicios educativos CECSA, _c1980. |
||
| 300 |
_a142 paginas ; _c27 cm. |
||
| 505 | _aContenido : Poblamiento de el Agustino -- Reconocimiento y conversión en distrito -- Las organizaciones de pobladores --Luchas urbanas y avances organizativos. | ||
| 650 |
_aPoblado el Agustino _932970 |
||
| 650 |
_aServicios y terrenos _932971 |
||
| 650 |
_aFuerzas políticas _932972 |
||
| 650 |
_aCreación del el Agustino _932973 |
||
| 710 |
_aCentro de estudios y comunicación social de el Agustino _932974 |
||
| 942 |
_2ddc _cLIBROS |
||
| 945 |
_awnts _d2019-04-22 |
||